[Event "aut_ychb14_2008"]
[Site "Wien - JGH Brigittenau"]
[Date "2008.05.10"]
[Round "1.2"]
[White "Ly, Daniel"]
[Black "Kammerer, Gernot"]
[Result "0-1"]
[WhiteElo "1627"]
[BlackElo "2001"]
[PlyCount "112"]
[EventDate "2008.05.10"]

1. e4 c5 2. Nf3 Nc6 3. d4 cxd4 4. Nxd4 g6 5. Be3 Bg7 6. Bc4 Nf6 7. Nc3 d6 8. f3
O-O 9. Qd2 Bd7 10. O-O-O Rc8 11. Bb3 Ne5 12. Bh6 Nc4 13. Qg5 a5 14. h4 Rc5 15.
Nf5 Bxf5 16. Bxg7 Kxg7 17. exf5 Rxf5 18. Qg3 Qc7 19. Rhe1 b5 20. Qf2 a4 21.
Bxc4 bxc4 22. Nxa4 Rb8 23. Qe3 Ra5 24. b3 cxb3 25. axb3 Nd5 26. Qd3 Rc8 27. Rd2
Kg8 28. Re4 Qa7 29. g4 Nb6 30. Qd4 Nxa4 31. Qxa7 Rxa7 32. bxa4 Rc6 33. Kb2 Rb7+
34. Kc1 Kf8 35. Re3 Rc4 36. Ra3 Ra7 37. a5 Rc5 38. a6 Rc6 39. Re2 Raxa6 40. Rb3
Rab6 41. Ra3 Rc7 42. Kd2 Rbc6 43. Kd1 e6 44. g5 Ke7 45. Ra8 Rc8 46. Ra7+ R6c7
47. Ra6 Rh8 48. Rd2 Rd7 49. Rg2 h6 50. Ra4 hxg5 51. hxg5 e5 52. Rag4 Ke6 53.
Rf2 d5 54. Ke2 Kf5 55. Rfg2 Rc7 56. Kd3 Rh3 0-1

[Event "aut_ychb14_2008"]
[Site "Wien - JGH Brigittenau"]
[Date "2008.05.10"]
[Round "1.3"]
[White "Dalnodar, Bernhard"]
[Black "Bachner, Karsten"]
[Result "1/2-1/2"]
[WhiteElo "1722"]
[BlackElo "1576"]
[PlyCount "67"]
[EventDate "2008.05.10"]

1. d4 d5 2. c4 dxc4 3. Nc3 e6 4. e4 c5 5. Nf3 cxd4 6. Qxd4 Qxd4 7. Nxd4 a6 8.
Bxc4 Bd7 9. Be3 Nc6 10. O-O Bc5 11. Rad1 Nxd4 12. Bxd4 Bxd4 13. Rxd4 Ne7 14.
Rfd1 Rd8 15. f4 Nc6 16. Rd6 Ke7 17. e5 Bc8 18. Ne4 b5 19. Be2 Nb8 20. Bh5 Rd7
21. Nc5 Rc7 22. b4 a5 23. a3 axb4 24. axb4 Nc6 25. Nd3 Rd8 26. Rxd8 Nxd8 27.
Bf3 Rc4 28. Kf2 Bb7 29. Bxb7 Nxb7 30. Rc1 Rxc1 31. Nxc1 Nd8 32. Ke3 Nc6 33. Kd3
f6 34. Ke4 1/2-1/2

[Event "aut_ychb14_2008"]
[Site "Wien - JGH Brigittenau"]
[Date "2008.05.10"]
[Round "1.4"]
[White "Ehs, Dominik"]
[Black "Wertjanz, David"]
[Result "0-1"]
[WhiteElo "1554"]
[BlackElo "2031"]
[PlyCount "92"]
[EventDate "2008.05.10"]

1. e4 c5 2. Nf3 d6 3. d4 cxd4 4. Nxd4 Nf6 5. Nc3 a6 6. h3 e5 7. Nb3 Be7 8. Be3
Be6 9. Bd3 O-O 10. O-O b5 11. f4 Qc7 12. f5 Bc4 13. Bxc4 Qxc4 14. Qd3 Rc8 15.
Qxc4 Rxc4 16. Nd2 Rc6 17. a3 Nbd7 18. Rac1 Rac8 19. g4 h6 20. Rf2 Bd8 21. Rg2
Ba5 22. Ndb1 Bb6 23. Bxb6 Nxb6 24. Na2 Rc4 25. Nbc3 Nxe4 26. Nxe4 Rxe4 27. Rd1
Nc4 28. c3 a5 29. Rf2 f6 30. b3 Nxa3 31. Rxd6 Re3 32. Kg2 Nb1 33. Ra6 Nxc3 34.
Nxc3 Rcxc3 35. Ra8+ Kh7 36. Rd2 Red3 37. Rxd3 Rxd3 38. Rxa5 Rxb3 39. Kf2 b4 40.
Rb5 Rb1 41. Ke3 b3 42. Kd2 b2 43. Kc2 Rh1 44. Kxb2 Rxh3 45. Rb4 Rh4 46. Kc3 h5
0-1

[Event "aut_ychb14_2008"]
[Site "Wien - JGH Brigittenau"]
[Date "2008.05.10"]
[Round "1.5"]
[White "Handler, Lukas"]
[Black "Riemelmoser, Markus"]
[Result "1-0"]
[WhiteElo "1908"]
[BlackElo "1522"]
[PlyCount "47"]
[EventDate "2008.05.10"]

1. d4 Nf6 2. c4 e6 3. Nc3 Bb4 4. Qc2 O-O 5. a3 Bxc3+ 6. Qxc3 b6 7. Bg5 Bb7 8.
f3 c5 9. e4 Nxe4 10. Bxd8 Nxc3 11. Bg5 Na4 12. b3 Nc3 13. dxc5 b5 14. Kd2 bxc4
15. Kxc3 cxb3 16. Kxb3 Rc8 17. Be3 Na6 18. Bxa6 Bxa6 19. Nh3 Rab8+ 20. Kc3 d6
21. Rab1 Rxb1 22. Rxb1 dxc5 23. Nf2 c4 24. Bxa7 1-0

[Event "aut_ychb14_2008"]
[Site "Wien - JGH Brigittenau"]
[Date "2008.05.10"]
[Round "1.6"]
[White "Stolzlechner, Andreas"]
[Black "Fröwis, Annika"]
[Result "0-1"]
[WhiteElo "1520"]
[BlackElo "1906"]
[PlyCount "38"]
[EventDate "2008.05.10"]

1. e4 e5 2. Nf3 Nc6 3. Bc4 Bc5 4. c3 Nf6 5. d4 exd4 6. e5 d5 7. Bb5 Ne4 8. cxd4
Bb4+ 9. Nbd2 O-O 10. O-O Bg4 11. Qc2 Bxd2 12. Bxc6 Bxc1 13. Bxb7 Rb8 14. Bxd5
Qxd5 15. Rfxc1 Bxf3 16. gxf3 Ng5 17. Qd3 Nxf3+ 18. Kf1 Nxe5 19. Qe3 Qh1+ 0-1

[Event "aut_ychb14_2008"]
[Site "Wien - JGH Brigittenau"]
[Date "2008.05.10"]
[Round "1.7"]
[White "Kessler, Michaela"]
[Black "Gmasz, Patrick"]
[Result "1-0"]
[WhiteElo "1750"]
[BlackElo "1509"]
[PlyCount "33"]
[EventDate "2008.05.10"]

1. e4 e5 2. Nf3 Nc6 3. Bb5 a6 4. Ba4 Nf6 5. O-O Bc5 6. d3 b5 7. Bb3 h6 8. c3
Bb6 9. Nbd2 O-O 10. h3 d5 11. Re1 Re8 12. exd5 Nxd5 13. d4 Nf4 14. Nf1 Ng6 15.
Qd3 exd4 16. Qxg6 Rf8 17. Bxh6 1-0

[Event "aut_ychb14_2008"]
[Site "Wien - JGH Brigittenau"]
[Date "2008.05.10"]
[Round "1.8"]
[White "Negovanovic, Daniel"]
[Black "Knappitsch, Thomas"]
[Result "1-0"]
[WhiteElo "1489"]
[BlackElo "1816"]
[PlyCount "119"]
[EventDate "2008.05.10"]

1. e4 c5 2. Nc3 Nc6 3. g3 e6 4. Bg2 Nge7 5. Nge2 f5 6. d4 cxd4 7. Nxd4 Nxd4 8.
Qxd4 fxe4 9. Nxe4 Nf5 10. Qd3 d5 11. Nc3 Bd7 12. O-O Bb4 13. a3 Ba5 14. Bd2 O-O
15. Rad1 Kh8 16. Ne2 Bxd2 17. Rxd2 Nd6 18. b3 b5 19. Re1 Rc8 20. Nd4 Re8 21.
Rde2 Qf6 22. f4 g6 23. Qd2 Nf5 24. Nxf5 gxf5 25. Rd1 Rc3 26. Qd4 Qxd4+ 27. Rxd4
Rec8 28. Rdd2 Kg8 29. Kf2 Kf7 30. Ke1 Kf6 31. Kd1 Be8 32. Kc1 Bh5 33. Re5 a5
34. Bf1 Bf3 35. Kb2 Be4 36. Bd3 Bxd3 37. cxd3 a4 38. bxa4 bxa4 39. Rde2 R8c6
40. Rxe6+ Kf7 41. Rxc6 Rxc6 42. Re5 Rb6+ 43. Ka2 Rh6 44. h4 Re6 45. Rxf5+ Kg7
46. Re5 Rxe5 47. fxe5 d4 48. Kb2 Kf7 49. Kc2 Ke6 50. Kd2 Kxe5 51. Ke2 h5 52.
Kf2 Kf6 53. g4 hxg4 54. Kg3 Kf5 55. h5 Kg5 56. h6 Kxh6 57. Kxg4 Kg6 58. Kf4 Kf6
59. Ke4 Ke6 60. Kxd4 1-0

[Event "aut_ychb14_2008"]
[Site "Wien - JGH Brigittenau"]
[Date "2008.05.10"]
[Round "1.9"]
[White "Matt, Fabian"]
[Black "Duan, Felix"]
[Result "1/2-1/2"]
[WhiteElo "1770"]
[BlackElo "1476"]
[PlyCount "111"]
[EventDate "2008.05.10"]

1. e4 c5 2. Nf3 d6 3. d4 cxd4 4. Nxd4 Nf6 5. Nc3 g6 6. Be3 Bg7 7. f3 O-O 8. Qd2
Nc6 9. O-O-O d5 10. Nxc6 bxc6 11. exd5 cxd5 12. Nxd5 Nxd5 13. Qxd5 Qc7 14. Qxa8
Bf5 15. Qxf8+ Kxf8 16. Rd2 h5 17. Be2 Kg8 18. h4 Qc6 19. Bd3 Qe6 20. Bxf5 Qxe3
21. Bd3 Bh6 22. Rhd1 Qc5 23. c3 Bxd2+ 24. Rxd2 Qg1+ 25. Kc2 Qh1 26. b4 Qxh4 27.
Kb3 Qf4 28. Rc2 h4 29. c4 h3 30. gxh3 Qxf3 31. Rc3 Qc6 32. c5 a6 33. Bc4 Kg7
34. a4 e5 35. Bxa6 Qxa6 36. b5 Qe6+ 37. Kb4 e4 38. c6 e3 39. Rc1 Qd6+ 40. Kc4
Qd2 41. Rh1 e2 42. b6 Qe3 43. Kb5 Qb3+ 44. Kc5 Qxa4 45. b7 Qa5+ 46. Kd6 Qd8+
47. Kc5 f5 48. Rb1 f4 49. b8=Q Qxb8 50. Rxb8 e1=Q 51. c7 Qc3+ 52. Kb6 Qb4+ 53.
Kc6 Qc3+ 54. Kb6 Qd4+ 55. Kc6 Qc3+ 56. Kb6 1/2-1/2

[Event "aut_ychb14_2008"]
[Site "Wien - JGH Brigittenau"]
[Date "2008.05.10"]
[Round "1.10"]
[White "Hribernig, Florian"]
[Black "Liao, Kevin"]
[Result "0-1"]
[WhiteElo "1472"]
[BlackElo "1728"]
[PlyCount "90"]
[EventDate "2008.05.10"]

1. Nf3 Nf6 2. c4 g6 3. Nc3 Bg7 4. g3 O-O 5. Bg2 d6 6. O-O c5 7. d3 Nc6 8. Bf4
Nh5 9. Bd2 f5 10. e3 Ne5 11. Nxe5 dxe5 12. Qe2 f4 13. exf4 exf4 14. Rad1 e5 15.
Ne4 Qe7 16. Rfe1 fxg3 17. fxg3 Bf5 18. Be3 Bxe4 19. Bxe4 Nf6 20. Bg2 Qc7 21.
Bd2 Nd7 22. Rf1 Rae8 23. Rxf8+ Rxf8 24. Rf1 Nf6 25. Bc3 Re8 26. Re1 Nd7 27. Qe4
b6 28. Qc6 Qxc6 29. Bxc6 Re7 30. Kf2 Nf6 31. Bf3 Kf8 32. Bxe5 Ng4+ 33. Bxg4
Bxe5 34. b3 Bd4+ 35. Kf1 Rf7+ 36. Kg2 Rf2+ 37. Kh3 h5 38. Be2 Kg7 39. Bd1 Kh6
40. Re2 Rf1 41. Bc2 Ra1 42. a4 Rf1 43. Kg2 Rg1+ 44. Kh3 g5 45. Rd2 g4+ 0-1

[Event "aut_ychb14_2008"]
[Site "Wien - JGH Brigittenau"]
[Date "2008.05.10"]
[Round "2.1"]
[White "Fröwis, Annika"]
[Black "Schnegg, Martin"]
[Result "1-0"]
[WhiteElo "1906"]
[BlackElo "2057"]
[PlyCount "57"]
[EventDate "2008.05.10"]

1. e4 c5 2. Nf3 d6 3. d4 cxd4 4. Nxd4 Nf6 5. Nc3 Nc6 6. Bg5 e6 7. Qd2 a6 8. f3
Be7 9. O-O-O Bd7 10. g4 Nxd4 11. Qxd4 e5 12. Qd2 b5 13. Be3 b4 14. Ne2 Rb8 15.
Ng3 O-O 16. h4 Be6 17. Nf5 Ne8 18. Kb1 a5 19. g5 a4 20. f4 b3 21. cxb3 axb3 22.
a3 f6 23. Nxe7+ Qxe7 24. f5 Bf7 25. Rg1 Qb7 26. Bd3 d5 27. gxf6 Nxf6 28. Bh6
Ne8 29. Qg5 1-0

[Event "aut_ychb14_2008"]
[Site "Wien - JGH Brigittenau"]
[Date "2008.05.10"]
[Round "2.2"]
[White "Kammerer, Gernot"]
[Black "Kessler, Michaela"]
[Result "1/2-1/2"]
[WhiteElo "2001"]
[BlackElo "1750"]
[PlyCount "75"]
[EventDate "2008.05.10"]

1. e4 c5 2. Nf3 d6 3. d4 cxd4 4. Nxd4 Nf6 5. Nc3 a6 6. Bc4 e6 7. Bb3 Be7 8. O-O
O-O 9. Qf3 Qc7 10. Qg3 Bd7 11. Bh6 Ne8 12. Rfd1 Nc6 13. Be3 Rc8 14. Rac1 Ne5
15. Nce2 Nf6 16. f3 b5 17. c3 Kh8 18. Qf2 Qb7 19. a3 Nc4 20. Bxc4 bxc4 21. Ng3
Rb8 22. Rd2 Qc7 23. Re1 Rb7 24. Bg5 Ng4 25. fxg4 Bxg5 26. Rde2 Kg8 27. Nf3 Be7
28. Kh1 Rfb8 29. Rd2 Be8 30. h4 Qb6 31. Qxb6 Rxb6 32. Ree2 h6 33. Kh2 Rb5 34.
Kh3 Kf8 35. Nf1 Rc8 36. Nd4 Rb6 37. Rf2 Kg8 38. Rfe2 1/2-1/2

[Event "aut_ychb14_2008"]
[Site "Wien - JGH Brigittenau"]
[Date "2008.05.10"]
[Round "2.3"]
[White "Wertjanz, David"]
[Black "Negovanovic, Daniel"]
[Result "1/2-1/2"]
[WhiteElo "2031"]
[BlackElo "1489"]
[PlyCount "81"]
[EventDate "2008.05.10"]

1. e4 e5 2. Nf3 Nf6 3. d4 Nxe4 4. Bd3 d5 5. Nxe5 Nd7 6. Qe2 Nxe5 7. Bxe4 dxe4
8. Qxe4 f6 9. dxe5 Qe7 10. O-O Qxe5 11. Qxe5+ fxe5 12. Re1 Bd6 13. Bf4 O-O 14.
Bxe5 Bc5 15. Bg3 Bf5 16. Nd2 Rad8 17. Nf3 c6 18. h3 Rfe8 19. c3 h6 20. Rad1
Rxd1 21. Rxd1 Re2 22. Rd2 Rxd2 23. Nxd2 Be6 24. b3 Bf5 25. Be5 g5 26. g4 Bg6
27. Kg2 Kf7 28. Bd4 Bxd4 29. cxd4 Ke6 30. Kf3 Kd5 31. Ke3 b5 32. f3 c5 33. dxc5
Kxc5 34. a3 a5 35. Ne4+ Kd5 36. Nc3+ Kc5 37. Ne4+ Kd5 38. Kd3 Bh7 39. Ke3 Bg6
40. Nf6+ Ke5 41. Ne4 1/2-1/2

[Event "aut_ychb14_2008"]
[Site "Wien - JGH Brigittenau"]
[Date "2008.05.10"]
[Round "2.4"]
[White "Liao, Kevin"]
[Black "Handler, Lukas"]
[Result "0-1"]
[WhiteElo "1728"]
[BlackElo "1908"]
[PlyCount "78"]
[EventDate "2008.05.10"]

1. d4 Nf6 2. c4 e6 3. Nc3 Bb4 4. Bd2 b6 5. e3 Bb7 6. Nf3 O-O 7. Bd3 Bxc3 8.
Bxc3 Ne4 9. O-O Nxc3 10. bxc3 d6 11. e4 Nd7 12. Re1 e5 13. Qc2 Re8 14. Rad1 Qf6
15. Qa4 Re7 16. h3 a5 17. Bb1 Rae8 18. d5 Nc5 19. Qc2 Bc8 20. Qd2 Bxh3 21. gxh3
Qxf3 22. Kh2 Qf4+ 23. Qxf4 exf4 24. f3 f5 25. Rf1 fxe4 26. fxe4 Nxe4 27. Rf3 g5
28. Rg1 Ng3 29. Bd3 Re3 30. Rxe3 Rxe3 31. Bf1 Rxc3 32. h4 g4 33. h5 Rc2+ 34.
Bg2 Nxh5 35. Kh1 Ng3+ 36. Kh2 h5 37. Re1 Re2 38. Rxe2 Nxe2 39. Be4 Kg7 0-1

[Event "aut_ychb14_2008"]
[Site "Wien - JGH Brigittenau"]
[Date "2008.05.10"]
[Round "2.5"]
[White "Duan, Felix"]
[Black "Dalnodar, Bernhard"]
[Result "1-0"]
[WhiteElo "1476"]
[BlackElo "1722"]
[PlyCount "77"]
[EventDate "2008.05.10"]

1. e4 c5 2. c3 d5 3. exd5 Qxd5 4. d4 Nf6 5. Nf3 Bg4 6. Be2 e6 7. O-O Nc6 8. Be3
cxd4 9. cxd4 Be7 10. Nc3 Qa5 11. h3 Bf5 12. Rc1 a6 13. Bc4 O-O 14. d5 Rfd8 15.
Qb3 exd5 16. Qxb7 Rdb8 17. Qxc6 Bd7 18. Nxd5 Bxc6 19. Nxe7+ Kf8 20. Nxc6 Qh5
21. Nxb8 Rxb8 22. Bxa6 Qa5 23. Bc4 h6 24. Bb3 Kg8 25. Bf4 Rb7 26. Rfe1 Qa6 27.
Ne5 Qa5 28. Rc8+ Kh7 29. Rec1 g5 30. Bg3 Nd5 31. R8c5 Rb5 32. Rxb5 Qxb5 33.
Nxf7 Nf6 34. Rc7 Kg6 35. Ne5+ Kf5 36. Rc6 g4 37. Bc2+ Ne4 38. hxg4+ Kg5 39.
Rg6# 1-0

[Event "aut_ychb14_2008"]
[Site "Wien - JGH Brigittenau"]
[Date "2008.05.10"]
[Round "2.6"]
[White "Bachner, Karsten"]
[Black "Matt, Fabian"]
[Result "0-1"]
[WhiteElo "1576"]
[BlackElo "1770"]
[PlyCount "60"]
[EventDate "2008.05.10"]

1. e4 e5 2. Nf3 Nf6 3. Nxe5 d6 4. Nf3 Nxe4 5. Qe2 Qe7 6. d3 Nc5 7. Nc3 Be6 8.
Be3 Ncd7 9. Nb5 Nb6 10. Bg5 Qd7 11. Nbd4 Nc6 12. Nxe6 fxe6 13. O-O-O Be7 14.
Bxe7 Qxe7 15. Re1 Kd7 16. g3 Rhf8 17. h4 h6 18. g4 Qf6 19. Rh3 Rae8 20. g5 Qf4+
21. Kb1 hxg5 22. hxg5 Rf5 23. Rh7 Qxf3 24. Rxg7+ Kc8 25. Qd2 Qxf2 26. Qd1 Nd5
27. Bh3 Re5 28. Rh1 Ne3 29. Qc1 Nb4 30. c3 Nxd3 0-1

[Event "aut_ychb14_2008"]
[Site "Wien - JGH Brigittenau"]
[Date "2008.05.10"]
[Round "2.7"]
[White "Knappitsch, Thomas"]
[Black "Stolzlechner, Andreas"]
[Result "1-0"]
[WhiteElo "1816"]
[BlackElo "1520"]
[PlyCount "42"]
[EventDate "2008.05.10"]

1. e4 g6 2. c3 Bg7 3. d4 c6 4. f4 d6 5. Nf3 Qc7 6. Bd3 Bg4 7. O-O e5 8. Be3
Bxf3 9. Qxf3 Nf6 10. fxe5 dxe5 11. dxe5 Qxe5 12. Bd4 Qe6 13. Bxf6 Bxf6 14. Qxf6
Qxf6 15. Rxf6 O-O 16. Na3 Nd7 17. Rf2 Nc5 18. Bc2 Rfe8 19. Raf1 Re7 20. Nc4
Nxe4 21. Bxe4 Rxe4 1-0

[Event "aut_ychb14_2008"]
[Site "Wien - JGH Brigittenau"]
[Date "2008.05.10"]
[Round "2.8"]
[White "Klocker, Elias"]
[Black "Hribernig, Florian"]
[Result "1-0"]
[WhiteElo "1635"]
[BlackElo "1472"]
[PlyCount "61"]
[EventDate "2008.05.10"]

1. e4 c6 2. d4 d5 3. exd5 cxd5 4. Nc3 Nf6 5. Nf3 Nc6 6. Bb5 Bg4 7. Be3 e6 8. h3
Bh5 9. O-O Bd6 10. Re1 O-O 11. Ba4 Bb4 12. a3 Ba5 13. b4 Bc7 14. Nb1 Rc8 15.
Nbd2 Ne4 16. Nxe4 dxe4 17. g4 Bg6 18. Nd2 Nxd4 19. Nxe4 Bxe4 20. Qxd4 Qxd4 21.
Bxd4 Bd5 22. Bc5 Rfd8 23. Be7 f6 24. Bxd8 Bxd8 25. Rac1 Rc3 26. Re3 Rxe3 27.
fxe3 Bb6 28. Kf2 Kf7 29. c4 Be4 30. c5 Bc7 31. Rd1 1-0

[Event "aut_ychb14_2008"]
[Site "Wien - JGH Brigittenau"]
[Date "2008.05.10"]
[Round "2.9"]
[White "Riemelmoser, Markus"]
[Black "Ly, Daniel"]
[Result "0-1"]
[WhiteElo "1522"]
[BlackElo "1627"]
[PlyCount "110"]
[EventDate "2008.05.10"]

1. c4 Nf6 2. g3 e5 3. Bg2 Nc6 4. Nc3 Bc5 5. e3 O-O 6. Nge2 Re8 7. O-O d6 8. a3
a5 9. Re1 Bf5 10. Rf1 Qd7 11. d4 exd4 12. exd4 Bb6 13. Bg5 Ne4 14. Be3 h6 15.
Nxe4 Bxe4 16. Nc3 Bxg2 17. Kxg2 Qf5 18. Nd5 Rac8 19. Nxb6 cxb6 20. Rb1 b5 21.
cxb5 Qxb5 22. Qg4 Qd5+ 23. Kg1 Kh8 24. Rfe1 Rcd8 25. Red1 f5 26. Qh5 Re6 27.
Qf7 Ne7 28. Rbc1 Re4 29. Qxd5 Nxd5 30. Bd2 a4 31. Bc3 Rc8 32. Kf1 Kg8 33. Re1
Nxc3 34. Rxe4 fxe4 35. bxc3 d5 36. Ke2 Kf7 37. Kd2 Kf6 38. Rb1 Rb8 39. Rb4 b5
40. Ke3 g5 41. g4 Ke6 42. Rb2 Kd6 43. Re2 Rf8 44. Kd2 Rf3 45. Kc2 Rh3 46. Re3
Rxh2 47. Kb1 Rxf2 48. Rh3 Rf6 49. Kc2 Ke7 50. Rh2 Kf7 51. Kd2 Kg6 52. Ke3 Rf3+
53. Kd2 Rg3 54. Rh1 Rxg4 55. Rb1 Rg2+ 0-1

[Event "aut_ychb14_2008"]
[Site "Wien - JGH Brigittenau"]
[Date "2008.05.10"]
[Round "2.10"]
[White "Gmasz, Patrick"]
[Black "Ehs, Dominik"]
[Result "0-1"]
[WhiteElo "1509"]
[BlackElo "1554"]
[PlyCount "86"]
[EventDate "2008.05.10"]

1. e4 e5 2. Nf3 Nf6 3. Nxe5 d6 4. Nf3 Nxe4 5. Nc3 Nxc3 6. dxc3 Be7 7. Be3 O-O
8. Qd2 Nd7 9. O-O-O c6 10. h4 Qa5 11. Kb1 Nb6 12. Bd3 Be6 13. b3 Nd5 14. c4
Nc3+ 15. Kc1 Nxa2+ 16. Kb2 Qxd2 17. Bxd2 a5 18. Kxa2 a4 19. Kb1 axb3 20. cxb3
Bf6 21. Rc1 Ra3 22. Kc2 Rfa8 23. Rb1 b5 24. cxb5 cxb5 25. Bxb5 Bf5+ 26. Bd3
Rc8+ 27. Kd1 Bxd3 28. Rc1 Rxc1+ 29. Bxc1 Rxb3 30. Re1 Bb5 31. Re3 Rxe3 32. Bxe3
Bc6 33. h5 Bxf3+ 34. gxf3 Kf8 35. Kd2 Ke7 36. Kd3 Ke6 37. f4 Kf5 38. Kc4 Kg4
39. Kd5 Kxh5 40. Kxd6 Kg4 41. Kd7 h5 42. Ke8 h4 43. Kxf7 h3 0-1

[Event "aut_ychb14_2008"]
[Site "Wien - JGH Brigittenau"]
[Date "2008.05.11"]
[Round "3.1"]
[White "Handler, Lukas"]
[Black "Fröwis, Annika"]
[Result "1-0"]
[WhiteElo "1908"]
[BlackElo "1906"]
[PlyCount "71"]
[EventDate "2008.05.10"]

1. d4 Nf6 2. c4 c5 3. d5 e6 4. Nc3 exd5 5. cxd5 d6 6. e4 g6 7. f4 Bg7 8. e5
Nfd7 9. Ne4 dxe5 10. Nd6+ Ke7 11. Nxc8+ Qxc8 12. Nf3 Re8 13. Bc4 Kf8 14. O-O e4
15. Ng5 h6 16. Nh3 a6 17. f5 Bd4+ 18. Kh1 Kg7 19. Nf4 Ne5 20. Bb3 Nbd7 21. fxg6
Nxg6 22. Nh5+ Kg8 23. d6 Nge5 24. Bd5 e3 25. Qe1 Kh8 26. Bxe3 Bxe3 27. Qxe3 Ng4
28. Qf4 Nde5 29. h3 Nd3 30. Qxg4 Qxg4 31. hxg4 Rg8 32. d7 Rad8 33. Bxb7 a5 34.
b3 Ne5 35. Rae1 Rg5 36. Rf5 1-0

[Event "aut_ychb14_2008"]
[Site "Wien - JGH Brigittenau"]
[Date "2008.05.11"]
[Round "3.2"]
[White "Negovanovic, Daniel"]
[Black "Kammerer, Gernot"]
[Result "0-1"]
[WhiteElo "1489"]
[BlackElo "2001"]
[PlyCount "64"]
[EventDate "2008.05.10"]

1. e4 c5 2. Nf3 d6 3. Bb5+ Bd7 4. Bxd7+ Qxd7 5. Nc3 Nc6 6. O-O g6 7. d4 cxd4 8.
Nxd4 Bg7 9. Nxc6 bxc6 10. Qd3 Nf6 11. f4 O-O 12. Rd1 Qb7 13. a3 Ng4 14. Na4 a6
15. Qb3 Qxb3 16. cxb3 Rfb8 17. h3 Nf6 18. e5 dxe5 19. fxe5 Nd5 20. e6 fxe6 21.
Nc5 e5 22. Re1 Rf8 23. Nd7 Rf5 24. g4 Rf3 25. Nxe5 Bxe5 26. Rxe5 Rxb3 27. Kg2
Rf8 28. Re2 Rff3 29. Bg5 Rg3+ 30. Kf2 Rbf3+ 31. Ke1 Rg1+ 32. Kd2 Rxa1 0-1

[Event "aut_ychb14_2008"]
[Site "Wien - JGH Brigittenau"]
[Date "2008.05.11"]
[Round "3.3"]
[White "Matt, Fabian"]
[Black "Wertjanz, David"]
[Result "0-1"]
[WhiteElo "1770"]
[BlackElo "2031"]
[PlyCount "38"]
[EventDate "2008.05.10"]

1. f4 e5 2. e4 d5 3. exd5 Bc5 4. Nf3 e4 5. Ng5 Nf6 6. Nc3 O-O 7. Be2 Re8 8. d4
Bb6 9. Be3 h6 10. Nh3 Bxh3 11. gxh3 Ba5 12. Qd2 Nxd5 13. Rg1 Qd7 14. Rg3 Qc6
15. Bg1 e3 16. Rxe3 Nxe3 17. Bxe3 Bxc3 18. bxc3 Qh1+ 19. Bf1 Qf3 0-1

[Event "aut_ychb14_2008"]
[Site "Wien - JGH Brigittenau"]
[Date "2008.05.11"]
[Round "3.4"]
[White "Kessler, Michaela"]
[Black "Duan, Felix"]
[Result "1-0"]
[WhiteElo "1750"]
[BlackElo "1476"]
[PlyCount "83"]
[EventDate "2008.05.10"]

1. e4 c5 2. Nf3 d6 3. d4 cxd4 4. Nxd4 Nf6 5. Nc3 g6 6. Be3 Bg7 7. f3 O-O 8. Qd2
Nc6 9. O-O-O d5 10. Qe1 e5 11. Nxc6 bxc6 12. exd5 cxd5 13. Bg5 d4 14. Qxe5 Qb6
15. Qxd4 Qe6 16. Bc4 Qf5 17. Qf4 h6 18. Qxf5 Bxf5 19. Be3 a5 20. Bb3 Rac8 21.
Rhe1 Rc6 22. Bd4 h5 23. Re7 Be6 24. Bxe6 Rxe6 25. Rxe6 fxe6 26. Bb6 h4 27. Bxa5
Bh6+ 28. Kb1 Bf4 29. h3 Re8 30. Rd8 Rxd8 31. Bxd8 Kf7 32. Bxf6 Kxf6 33. Ne4+
Ke5 34. c3 Kd5 35. Kc2 Bh6 36. b3 Bf8 37. a4 Kc6 38. Kd3 e5 39. Kc4 Kb6 40. Kd5
Bg7 41. b4 Bh8 42. c4 1-0

[Event "aut_ychb14_2008"]
[Site "Wien - JGH Brigittenau"]
[Date "2008.05.11"]
[Round "3.5"]
[White "Schnegg, Martin"]
[Black "Liao, Kevin"]
[Result "1-0"]
[WhiteElo "2057"]
[BlackElo "1728"]
[PlyCount "83"]
[EventDate "2008.05.10"]

1. e4 e5 2. Nf3 Nc6 3. d4 exd4 4. Bc4 d6 5. Nxd4 Ne5 6. Bb3 Nf6 7. Nc3 Be7 8.
O-O O-O 9. f4 Ng6 10. h3 Re8 11. Qf3 c5 12. Nde2 Qb6 13. Be3 Nh4 14. Qf2 Ng6
15. Rad1 Bd7 16. Ng3 Qc7 17. a3 b5 18. Rfe1 a5 19. Nd5 Nxd5 20. Bxd5 Bc6 21.
Nf5 Bxd5 22. Rxd5 Bf6 23. Nxd6 Reb8 24. e5 Be7 25. Bxc5 b4 26. f5 bxa3 27. Bxa3
Nf8 28. f6 Bd8 29. fxg7 Ng6 30. e6 fxe6 31. Ne8 Qb6 32. Bc5 Qxc5 33. Rxc5 Bb6
34. Nf6+ Kxg7 35. Nh5+ Kg8 36. Rc8+ Rxc8 37. Qxb6 e5 38. Qe6+ Kf8 39. Rf1+ Nf4
40. Qxe5 Re8 41. Qf6+ Kg8 42. Qg7# 1-0

[Event "aut_ychb14_2008"]
[Site "Wien - JGH Brigittenau"]
[Date "2008.05.11"]
[Round "3.6"]
[White "Ly, Daniel"]
[Black "Knappitsch, Thomas"]
[Result "0-1"]
[WhiteElo "1627"]
[BlackElo "1816"]
[PlyCount "80"]
[EventDate "2008.05.10"]

1. e4 c5 2. Nf3 Nc6 3. d4 cxd4 4. Nxd4 g6 5. Be3 Nf6 6. Nc3 Bg7 7. Bc4 O-O 8.
f3 d6 9. Qd2 Bd7 10. O-O-O Rc8 11. Bb3 Na5 12. Bh6 Nxb3+ 13. Nxb3 b5 14. h4 Qc7
15. Bxg7 Kxg7 16. Rhe1 Rfe8 17. Nd4 b4 18. Nce2 a5 19. Kb1 Rb8 20. Nc1 Rec8 21.
Nd3 Qc4 22. Ne2 Be6 23. b3 Qa6 24. Nef4 Rc7 25. Nxe6+ fxe6 26. Nf4 Kf7 27. Qe3
Rc3 28. Rd3 Rbc8 29. Rc1 a4 30. Ne2 R3c5 31. Rd4 Ra8 32. bxa4 Qxa4 33. Qb3 Rca5
34. Rxb4 Qxa2+ 35. Qxa2 Rxa2 36. Nc3 R2a3 37. Rb3 R3a5 38. Kb2 d5 39. exd5 Nxd5
40. Ne4 Ra2+ 0-1

[Event "aut_ychb14_2008"]
[Site "Wien - JGH Brigittenau"]
[Date "2008.05.11"]
[Round "3.7"]
[White "Ehs, Dominik"]
[Black "Klocker, Elias"]
[Result "0-1"]
[WhiteElo "1554"]
[BlackElo "1635"]
[PlyCount "100"]
[EventDate "2008.05.10"]

1. e4 e5 2. Nf3 Nc6 3. Bc4 Bc5 4. c3 Nf6 5. d3 d6 6. Nbd2 Bg4 7. Nf1 h6 8. Be3
Bb6 9. Bxb6 axb6 10. b4 O-O 11. Ne3 Kh8 12. h3 Bd7 13. Qd2 Qe7 14. g3 Nh7 15.
Nd5 Qd8 16. g4 Ne7 17. Nxe7 Qxe7 18. Ke2 Be6 19. Bb3 Ra3 20. c4 Rfa8 21. Rag1
b5 22. g5 bxc4 23. dxc4 h5 24. b5 Qd7 25. Rg3 g6 26. Qc2 Nf8 27. Qb2 Qe8 28.
Nh4 Nd7 29. Kf1 Nc5 30. Re3 Qd7 31. Kg2 Nxb3 32. axb3 Ra2 33. Qc3 Qd8 34. Nf3
f6 35. h4 Bg4 36. Nh2 Bd7 37. Rg3 fxg5 38. hxg5 Re2 39. Qf3 Raa2 40. Rf1 h4 41.
Rh3 Bxh3+ 42. Qxh3 Qxg5+ 43. Qg4 Qxg4+ 44. Nxg4 Rxe4 45. Kh3 g5 46. Nf6 Rf4 47.
Ng4 Rb2 48. Ne3 Rxb3 49. Kg2 h3+ 50. Kxh3 Rxe3+ 0-1

[Event "aut_ychb14_2008"]
[Site "Wien - JGH Brigittenau"]
[Date "2008.05.11"]
[Round "3.8"]
[White "Dalnodar, Bernhard"]
[Black "Riemelmoser, Markus"]
[Result "1-0"]
[WhiteElo "1722"]
[BlackElo "1522"]
[PlyCount "92"]
[EventDate "2008.05.10"]

1. d4 Nf6 2. c4 e6 3. Nf3 b6 4. Nc3 Be7 5. e4 Bb7 6. Bd3 d6 7. O-O O-O 8. Ne1
c5 9. d5 exd5 10. cxd5 Re8 11. f4 Nbd7 12. g4 Rf8 13. Ng2 Rc8 14. g5 Ne8 15. h4
c4 16. Bc2 a6 17. a4 b5 18. axb5 axb5 19. Nxb5 Qb6+ 20. Nd4 c3 21. b3 Nc7 22.
Be3 Nc5 23. Nf5 Rfe8 24. Qd4 Bf8 25. b4 Nb5 26. Qd1 Qc7 27. bxc5 dxc5 28. Ba4
Ba6 29. Ng3 Be7 30. Re1 f6 31. Qb3 c4 32. Qc2 fxg5 33. hxg5 Bxg5 34. Bxb5 Bxb5
35. Ra7 Qb8 36. Qxc3 Rc7 37. Rxc7 Qxc7 38. d6 Qxd6 39. e5 Qd3 40. Qxd3 cxd3 41.
fxg5 Rxe5 42. Kf2 d2 43. Bxd2 Rxe1 44. Kxe1 h6 45. g6 Kf8 46. Nf5 Bd3 {
Ab hier unleserlich!} 1-0